Statistics for Featured Languages ​​on JetPunk

Click here to take the quiz!

General Stats

  • This quiz has been taken 24 times
  • The average score is 6 of 8

Answer Stats

Languages% Correct
Spanish
100%
French
96%
German
91%
Dutch
83%
Portuguese
78%
Polish
70%
Finland
48%
Italiano
35%

Score Distribution

Percentile by Number Answered

Percent of People with Each Score

Your Score History

You have not taken this quiz